Loading...

നിത്യ സമീൽ /

Bibliographic Details
Main Author: സുസ്‌മേഷ് ചന്ത്രോത്ത് 1977-
Format: Printed Book
Language:Malayalam
Published: കോട്ടയം : ഡി സി ബുക്‌സ് , 2018
Subjects:
LEADER 00769 a2200169 4500
008 210506b ||||| |||| 00| 0 mal d
020 |a 9788126474646 
082 |2 23   |a 855.76  
100 |a സുസ്‌മേഷ് ചന്ത്രോത്ത്   |d 1977-  |9 1580637 
245 |a നിത്യ സമീൽ /   |c സുസ്‌മേഷ് ചന്ത്രോത്ത്  
246 |a Nithya sameel  
260 |a കോട്ടയം :  |b ഡി സി ബുക്‌സ് ,  |c 2018 
300 |a 207p. ;  |c 22cm. 
650 7 |2 fast  |9 1178016  |a Short stories, Malayalam 
942 |2 ddc  |c BK 
999 |c 350511  |d 350511 
952 |0 0  |1 0  |2 ddc  |4 0  |6 855_760000000000000_NIT_M  |7 0  |9 404840  |a UL  |b UL  |c ST1  |d 2020-06-04  |g 137.31  |l 1  |o 855.76 NIT M   |p 102439  |r 2021-10-08  |s 2021-08-12  |v 199.00  |y BK